000
00309nam a2200133Ia 4500
008
191201s2007 xx 000 0 und d
100
_a
ARORA, S
245
0
_a
Windows based Computer Courses
250
_a
-
260
_c
2007
_b
S Vikas Publisher
_a
N.Delhi
300
_a
811
650
_a
MBA
942
_2
ddc
_c
BB
999
_c
7232
_d
7232